000 00410nam a22001697a 4500
005 20160511122843.0
008 160511b xxu||||| |||| 00| 0 eng d
020 _a978-81-8054-528-3
041 _aeng
082 _b1276
100 _aGupta SC
_9453
245 _aFundamentas of mathemetical statistics
260 _bSultah chand & sons new
_c2010
300 _a499
650 _aManagement
_9241
942 _cBK
999 _c544
_d544